Analýza vývoja prírastku obyvateľov Slovenska od roku 1993 v regionálnom porovnaní bakalárska práca

Guardado en:
Detalles Bibliográficos
Autor principal: Sebedinská, Michaela
Autor Corporativo: Fakulta hospodárskej informatiky EU. Katedra štatistiky
Otros Autores: Dúžik, Ondrej, 1989-
Formato: Libro
Lenguaje:eslovaco
Publicado: Bratislava 2017
Etiquetas: Agregar Etiqueta
Sin Etiquetas, Sea el primero en etiquetar este registro!

MARC

LEADER 00000nbm a2200000 4500
001 0233077
005 20171107132259.0
041 0 |a slo 
044 |a SK 
245 1 0 |a Analýza vývoja prírastku obyvateľov Slovenska od roku 1993 v regionálnom porovnaní  |b bakalárska práca  |c Michaela Sebedinská ; školiteľ: Ondrej Dúžik 
264 1 |a Bratislava  |c 2017 
300 |a 42 s. 
100 1 |a Sebedinská, Michaela 
700 1 |a Dúžik, Ondrej, 1989- 
710 2 |a Fakulta hospodárskej informatiky EU. Katedra štatistiky